| 000 | 00777nam a2200265 a 4500 | ||
|---|---|---|---|
| 005 | 20200104041558.0 | ||
| 008 | 140127b2006 ck ||||| |||| 00| 0 spa d | ||
| 020 | _a9789588151700 | ||
| 040 |
_aCO-BoIAVH _cCO-BoIAVH |
||
| 041 | _aspa | ||
| 044 | _ack | ||
| 082 |
_a638.1 _bS58g |
||
| 100 | 1 | _aSilva Garnica, Diego | |
| 245 | _aGuía ambiental apícola | ||
| 260 |
_aBogotá _bInstituto Alexander von Humboldt _c2006 |
||
| 300 | _a142 páginas | ||
| 650 | 1 | 4 | _aGestión ambiental |
| 650 | 1 | 4 | _aApicultura |
| 650 | 1 | 4 | _aBiocomercio sostenible |
| 650 | 1 | 4 | _aConservación de la Biodiversidad |
| 700 | _aArcos Dorado, Adriana Lucía | ||
| 700 | _aGómez Díaz, José Antonio | ||
| 942 |
_cLIBRO _2ddc |
||
| 945 | _d2006-10-13 | ||
| 999 |
_c5339 _d5339 |
||